| Tag |
First Indicator |
Second Indicator |
Subfields |
| LEADER |
00000pam a2200000 i 4500 |
| 001 |
in00000660430 |
| 005 |
20151015095732.0 |
| 008 |
800327s1980 nyu b 00110 eng |
| 010 |
|
|
|a 79006576
|
| 020 |
|
|
|a 0385135920 :
|c $17.50
|
| 035 |
|
|
|a (OCoLC)06223456
|
| 035 |
|
|
|9 ACZ0552AM
|
| 040 |
|
|
|a DLC
|c DLC
|d TXA
|d UtOrBLW
|
| 041 |
1 |
|
|a eng
|a ger
|
| 049 |
|
|
|a TXAM
|c 1 [950394], 2 [A11147074]
|
| 050 |
0 |
0 |
|a BT102
|b .K8213 1980
|
| 082 |
0 |
|
|a 231
|
| 100 |
1 |
|
|a Küng, Hans,
|d 1928-
|
| 240 |
1 |
0 |
|a Existiert Gott?
|l English
|
| 245 |
1 |
0 |
|a Does God exist? :
|b An answer for today /
|c Hans Kung ; translated by Edward Quinn.
|
| 264 |
|
1 |
|a Garden City, N.Y. :
|b Doubleday,
|c 1980.
|
| 300 |
|
|
|a xxiv, 839 pages ;
|c 24 cm.
|
| 336 |
|
|
|a text
|b txt
|2 rdacontent
|
| 337 |
|
|
|a unmediated
|b n
|2 rdamedia
|
| 338 |
|
|
|a volume
|b nc
|2 rdacarrier
|
| 500 |
|
|
|a Translation of Existiert Gott?
|
| 504 |
|
|
|a Includes bibliographical references and indexes.
|
| 650 |
|
0 |
|a God.
|
| 650 |
|
0 |
|a God
|x History of doctrines.
|
| 999 |
|
|
|a MARS
|
| 999 |
f |
f |
|s e44d185f-1030-31cc-bea2-78bf991a1d08
|i f3df83f7-0a0d-3e71-b8b3-270a49e482ec
|t 0
|
| 952 |
f |
f |
|p ric
|a Texas A&M University
|b Rellis Campus
|c Joint Library Facility
|d Remote Storage
|t 0
|e BT102 .K8213 1980
|h Library of Congress classification
|i unmediated -- volume
|m A14811147074
|
| 952 |
f |
f |
|p normal
|a Texas A&M University
|b College Station
|c Sterling C. Evans Library
|d Evans: Library Stacks
|t 0
|e BT102 .K8213 1980
|h Library of Congress classification
|i unmediated -- volume
|m A14801789646
|
| 998 |
f |
f |
|a BT102 .K8213 1980
|t 0
|l Remote Storage
|
| 998 |
f |
f |
|a BT102 .K8213 1980
|t 0
|l Evans: Library Stacks
|